Statistics for States with the Highest Scrabble Score

Click here to take the quiz!

General Stats

  • This quiz has been taken 16 times
  • The average score is 7 of 11

Answer Stats

ScoreState% Correct
18North Carolina
86%
18South Carolina
86%
19North Dakota
79%
19South Dakota
79%
19West Virginia
79%
23New Mexico
71%
25New Hampshire
64%
22New Jersey
57%
20Massachusetts
50%
21Kentucky
43%
20Pennsylvania
21%

Score Distribution

Percentile by Number Answered

Percent of People with Each Score

Your Score History

You have not taken this quiz